000
00261nam a22001217a 4500
041
_a
ENG
100
_a
Majumdar .R
245
_a
Product Management In India
260
_a
Delhi
_b
Prentice Hall of India
_c
2000
300
_a
347
650
_a
GAE
856
_u
GAE
999
_c
630
_d
630